Creativity@work / (Record no. 17023)

MARC details
000 -LEADER
fixed length control field 00798nam a22002297a 4500
008 - FIXED-LENGTH DATA ELEMENTS--GENERAL INFORMATION
fixed length control field 081020t xxu||||| |||| 00| 0 eng d
010 ## - LIBRARY OF CONGRESS CONTROL NUMBER
LC control number ENG-84056
020 ## - INTERNATIONAL STANDARD BOOK NUMBER
International Standard Book Number 8178296463
020 ## - INTERNATIONAL STANDARD BOOK NUMBER
Terms of availability 320.00 (pbk)
035 ## - SYSTEM CONTROL NUMBER
System control number EN-67589
082 ## - DEWEY DECIMAL CLASSIFICATION NUMBER
Classification number 658.4094
100 ## - MAIN ENTRY--PERSONAL NAME
Personal name Ramachander, S
245 ## - TITLE STATEMENT
Title Creativity@work /
Statement of responsibility, etc by S Ramachander
260 ## - PUBLICATION, DISTRIBUTION, ETC. (IMPRINT)
Place of publication, distribution, etc New Delhi
Name of publisher, distributor, etc Response Books]
260 ## - PUBLICATION, DISTRIBUTION, ETC. (IMPRINT)
Date of publication, distribution, etc 2006
300 ## - PHYSICAL DESCRIPTION
Extent 203p
Dimensions 20cm
500 ## - GENERAL NOTE
General note Includes bibliographical references and index
650 ## - SUBJECT ADDED ENTRY--TOPICAL TERM
Topical term or geographic name as entry element Creativity ability in business
650 ## - SUBJECT ADDED ENTRY--TOPICAL TERM
Topical term or geographic name as entry element Technological innovations-management
942 ## - ADDED ENTRY ELEMENTS (KOHA)
Source of classification or shelving scheme Dewey Decimal Classification
Koha item type English Books
Classification part 658.4094
Call number suffix RAM
Holdings
Withdrawn status Lost status Source of classification or shelving scheme Damaged status Not for loan Home library Current library Date acquired Cost, normal purchase price Total Checkouts Full call number Barcode Date last seen Copy number Cost, replacement price Price effective from Koha item type
    Dewey Decimal Classification   Not For Loan D.B.Act.Division D.B.Act.Division 22/02/2007 320.00   658.4094 RAM EN-67589 21/10/2008 1 320.00 21/10/2008 English Books

© Delhi Public Library
Hit Counter
free hit counter